| 000 | 01784nam a2200457Ii 4500 | ||
|---|---|---|---|
| 001 | DIGCOLMX0452 | ||
| 003 | NyNyDIG | ||
| 007 | cr ||||||||||| | ||
| 008 | 230620s2022 mx ob 000 0 spa d | ||
| 006 | m o d | ||
| 020 |
_a9786075644264 _qelectrónico |
||
| 020 | _z9786075644042 | ||
| 035 | _a(OCoLC)1348286358 | ||
| 040 |
_aDGITA _beng _erda _epn _cDGITA |
||
| 043 | _as-bl--- | ||
| 050 | 1 | 4 | _aF2521 ebook |
| 100 | 1 |
_aFausto, Boris, _d1930- _eauthor. |
|
| 245 | 1 | 0 |
_aHistoria mínima de Brasil / _cBoris Fausto, con colaboración de Sérgio Fausto, traducción de Paula Abramo. |
| 250 | _aPrimera edición electrónica. | ||
| 264 | 1 |
_aCiudad de México, México : _bEl Colegio de México, _c[2022] |
|
| 300 | _a1 online resource. | ||
| 336 |
_atext _btxt _2rdacontent |
||
| 337 |
_acomputer _bc _2rdamedia |
||
| 338 |
_aonline resource _bcr _2rdacarrier |
||
| 347 |
_atext file _2rdaft |
||
| 347 | _bEPUB | ||
| 490 | 1 | _aColección Historias mínimas | |
| 504 | _aIncludes bibliographical references. | ||
| 588 | 0 | _aOnline resource; title from ePub title page (Digitalia, viewed June 20, 2023) | |
| 651 | 0 |
_aBrazil _xHistory. |
|
| 651 | 0 |
_aBrazil _xPolitics and government. |
|
| 700 | 1 |
_aFausto, Sergio, _eeditor. |
|
| 700 | 1 |
_aAbramo, Paula, _d1980- _etranslator. |
|
| 791 | 2 |
_aDigitalia (Firm), _edistributor. |
|
| 793 | 0 |
_gDigitalia eBook Collection: _aEl Colegio de México |
|
| 776 | 0 | 8 |
_iPrint version: _aFausto, Boris, 1930- _tHistoria mínima de Brasil. _bPrimera edición. _dCiudad de México, México : El Colegio de México, [2022] _z9786075644042 |
| 830 | 0 | _aHistoria mínima (Mexico City, Mexico) | |
| 856 | 4 | 0 |
_3Digitalia Hispánica _uhttps://www.digitaliapublishing.com/a/125598/ |
| 910 | _aPremium collection: 2023 | ||
| 942 | _cRAA | ||
| 999 |
_c277467 _d277467 |
||